[Event "Schaffhausen op"]
[Site "Schaffhausen"]
[Date "2024.01.13"]
[Round "2"]
[White "Trubini, Timon"]
[Black "Wenger, Arejou"]
[Result "0-1"]
[WhiteElo "1559"]
[BlackElo "1742"]
[PlyCount "42"]
[EventDate "2024.01.12"]
[EventType "swiss"]
[EventRounds "5"]
[EventCountry "SUI"]
[SourceTitle "CB04_2024"]
[SourceDate "2023.10.16"]
[SourceVersion "1"]
[SourceVersionDate "2023.10.16"]
[SourceQuality "1"]

1. e4 c5 2. c3 Nf6 3. e5 Nd5 4. d4 cxd4 5. cxd4 d6 6. f4 Nc6 7. Ne2 dxe5 8. fxe5 Bf5 9. Nec3 Ndb4 10. Na3 Qxd4 11. Qxd4 Nxd4 12. Nab5 Ndc2+ 13. Kf2 Nxa1 14. Nc7+ Kd7 15. Nxa8 Nac2 16. e6+ Bxe6 17. Bb5+ Kc8 18. Rd1 Bg4 19. Ne2 e5 20. h3 Bc5+ 21. Kg3 Be6 0-1

[Event "Biel ATO op 54th"]
[Site "Biel"]
[Date "2021.08.06"]
[Round "9"]
[White "Wenger, Arejou"]
[Black "Briand, Amaury"]
[Result "0-1"]
[WhiteElo "1832"]
[BlackElo "2014"]
[PlyCount "50"]
[EventDate "2021.07.26"]
[EventType "swiss"]
[EventRounds "9"]
[EventCountry "SUI"]
[SourceTitle "EXT 2022"]
[Source "ChessBase"]
[SourceDate "2021.10.06"]
[SourceVersion "1"]
[SourceVersionDate "2021.10.06"]
[SourceQuality "1"]

1. e4 e5 2. Nf3 Nc6 3. Nc3 Nf6 4. Bb5 Nd4 5. Bc4 c6 6. 0-0 d6 7. Nxd4 exd4 8. Ne2 Nxe4 9. Nxd4 d5 10. Re1 Bc5 11. Rxe4+ dxe4 12. Bxf7+ Kf8 13. Nb3 Bxf2+ 14. Kxf2 Kxf7 15. Kg1 Rf8 16. Qe2 Kg8 17. Qxe4 Qf6 18. Qe1 Bg4 19. d4 Rae8 20. Be3 Qg6 21. Qg3 Bf5 22. Bf4 Bxc2 23. Nc5 Qxg3 24. Bxg3 Re2 25. Nxb7 Be4 0-1

[Event "Zuerich Christmas op 44th"]
[Site "Tornelo INT"]
[Date "2020.12.29"]
[Round "5"]
[White "Pabst, Manuel"]
[Black "Wenger, Arejou"]
[Result "1-0"]
[WhiteElo "1499"]
[BlackElo "1832"]
[PlyCount "101"]
[EventDate "2020.12.26"]
[EventType "swiss"]
[EventRounds "7"]
[EventCountry "SUI"]
[SourceTitle "CBM 200 Extra"]
[Source "ChessBase"]
[SourceDate "2021.03.31"]
[SourceVersion "1"]
[SourceVersionDate "2021.03.31"]
[SourceQuality "1"]

1. d4 Nf6 2. c4 g6 3. g3 Bg7 4. Bg2 0-0 5. Nf3 d6 6. Nc3 Nbd7 7. 0-0 e5 8. Re1 Ne8 9. e4 exd4 10. Nxd4 Nc5 11. f4 c6 12. Be3 f5 13. Nxc6 bxc6 14. Bxc5 Ba6 15. Bd4 Bxc4 16. Bxg7 Nxg7 17. Qd4 Bf7 18. Red1 Rb8 19. b3 Qa5 20. Rac1 fxe4 21. Nxe4 Nf5 22. Nf6+ Kh8 23. Qb2 c5 24. Nd7+ Kg8 25. Nxf8 Rxf8 26. Qd2 Qb5 27. Qd3 Qxd3 28. Rxd3 Re8 29. Kf2 Nd4 30. Re1 Be6 31. Bd5 Kf7 32. Bxe6+ Rxe6 33. Rxe6 Kxe6 34. Re3+ Kd7 35. Re4 d5 36. Rxd4 cxd4 37. Ke2 Ke6 38. g4 h5 39. h3 hxg4 40. hxg4 Kd6 41. Kd3 Kc5 42. a3 a5 43. f5 gxf5 44. gxf5 Kd6 45. Kxd4 a4 46. b4 Kc6 47. f6 Kd6 48. f7 Ke7 49. f8Q+ Kxf8 50. Kxd5 Ke7 51. Kc6 1-0

[Event "Biel HTO 53rd"]
[Site "Biel"]
[Date "2020.07.23"]
[Round "4"]
[White "Pham, Khoi"]
[Black "Wenger, Arejou"]
[Result "1-0"]
[WhiteElo "2048"]
[BlackElo "1831"]
[PlyCount "79"]
[EventDate "2020.07.20"]
[EventType "swiss"]
[EventRounds "9"]
[EventCountry "SUI"]
[SourceTitle "CBM 197"]
[Source "ChessBase"]
[SourceDate "2020.07.27"]
[SourceVersion "1"]
[SourceVersionDate "2020.07.27"]
[SourceQuality "1"]

1. e4 Nf6 2. e5 Nd5 3. d4 d6 4. Nf3 g6 5. Bc4 Nb6 6. Bb3 Bg7 7. Qe2 0-0 8. h3 Nc6 9. Bf4 dxe5 10. Bxe5 Nxe5 11. dxe5 c5 12. 0-0 Qc7 13. Nbd2 e6 14. c4 Nd7 15. Rfe1 b6 16. Ba4 Rd8 17. Qe4 Bb7 18. Qf4 f6 19. Bxd7 Rxd7 20. Qh4 fxe5 21. Ng5 Bf6 22. Nde4 Bxe4 23. Qxe4 Re8 24. Nf3 Red8 25. b3 Kf7 26. g4 Rd3 27. g5 Bg7 28. Re2 Rd1+ 29. Rxd1 Rxd1+ 30. Kg2 Qd6 31. Re3 Ra1 32. Rd3 Qc7 33. a4 Ra2 34. Nd2 Kg8 35. Qa8+ Bf8 36. Ne4 Kg7 37. Nf6 Qf7 38. Rd7 Be7 39. Rxe7 Qxe7 40. Qg8# 1-0